00764 2200205 4500001002100000005001500021035002000036007000300056008004100059020001800100082001200118084001800130245016800148250001200316260008400328300004400412110006800456600001600524990001800540PBTAN00000000000277920260430103407 a0010-0426000155ta260430 0 eng  a92-9066-316-2 a635.652 a635.652 INT i1 aImprovement of Pigeonpea in Eastern and Southern Africa :bAnnual Research Planing Meeting 19994 /cInternational Crops Research Institute for the Semi-Arid Tropis apertama aIndia :bInternational Crops Research Institute for the Semi-Arid Tropis,c1995 a212 Halaman :bIlustrasi ;c23cm x 17cm0 aInternational Crops Research Institute for the Semi-Arid Tropis 4aImprovement a2026020100375